Les stoïciens / (Record no. 148186)
[ view plain ]
| 000 -LEADER | |
|---|---|
| campo de control de longitud fija | 01788nam a2200325 i 4500 |
| 001 - NÚMERO DE CONTROL | |
| campo de control | 148186 |
| 003 - IDENTIFICADOR DE NÚMERO DE CONTROL | |
| campo de control | ES-MaACL |
| 005 - FECHA Y HORA DE LA ÚLTIMA TRANSACCIÓN | |
| campo de control | 20250724024015.0 |
| 007 - CAMPO FIJO DE DESCRIPCIÓN FÍSICA--INFORMACIÓN GENERAL | |
| campo de control de longitud fija | t| |
| 008 - DATOS DE LONGITUD FIJA--INFORMACIÓN GENERAL | |
| campo de control de longitud fija | 070214s1983 fr |||| | fre d |
| 080 ## - NÚMERO DE LA CLASIFICACIÓN DECIMAL UNIVERSAL | |
| Número de la Clasificación Decimal Universal | 17(37/38)(082.2) |
| 245 04 - MENCIÓN DEL TÍTULO | |
| Título | Les stoïciens / |
| Mención de responsabilidad, etc. | textes traduits par Émile Bréhier ; édités sous la direction de Pierre-Maxime Schuhl. |
| 260 ## - PUBLICACIÓN, DISTRIBUCIÓN, ETC. | |
| Lugar de publicación, distribución, etc. | Paris : |
| Nombre del editor, distribuidor, etc. | Gallimard, |
| Fecha de publicación, distribución, etc. | 1983. |
| 300 ## - DESCRIPCIÓN FÍSICA | |
| Extensión | LXVI, 1438 p. ; |
| Dimensiones | 18 cm. |
| 490 1# - MENCIÓN DE SERIE | |
| Mención de serie | Bibliothèque de la Pléiade ; |
| Designación de volumen o secuencia | 156 |
| 505 8# - NOTA DE CONTENIDO CON FORMATO | |
| Nota de contenido con formato | Contiene: ; |
| Título | L'humne áa Zeus / |
| Mención de responsabilidad | Cléanthe. -- |
| Título | Vies et opinions des philosophes / |
| Mención de responsabilidad | Diogéne Laërce. -- |
| Título | Des contradictions des stoïciens. Des notions communes contre les stoïciens / |
| Mención de responsabilidad | Plutarque ; Premiers académiques (Livre II). Des fins des biens et des maux (Livre III). Les tusculanes (Livre II, chapitres XII et XIII, Livre III áa partir du chapitre IV, Libres IV et V). De la nature des Dieux. Traité du destin. Traité des devoirs (Livres I, II, III) / |
| -- | Cicéron ; De la constance du sage. De la tranquilité de l'âme. De la brièveté de la vie. De la vie heureuse. De la providence. Lettres áa Lucilius (71 áa 74) / |
| -- | Sénèque ; Entretiens (Livres I áa IV). -- |
| Título | Manuel / |
| Mención de responsabilidad | Epictète. -- |
| Título | Pensées / |
| Mención de responsabilidad | Marc Aurèle |
| 650 04 - PUNTO DE ACCESO ADICIONAL DE MATERIA--TÉRMINO DE MATERIA | |
| Término de materia o nombre geográfico como elemento de entrada | Estoicos. |
| 9 (RLIN) | 12556 |
| 700 1# - ENTRADA AGREGADA--NOMBRE PERSONAL | |
| Nombre de persona | Bréhier, Émile. |
| 9 (RLIN) | 148586 |
| 700 1# - ENTRADA AGREGADA--NOMBRE PERSONAL | |
| Nombre de persona | Schuhl, Pierre-Maxime. |
| 9 (RLIN) | 104751 |
| 700 1# - ENTRADA AGREGADA--NOMBRE PERSONAL | |
| Nombre de persona | Cleanto. |
| 9 (RLIN) | 39155 |
| 700 0# - ENTRADA AGREGADA--NOMBRE PERSONAL | |
| Nombre de persona | Diógenes Laercio. |
| 9 (RLIN) | 44848 |
| 700 0# - ENTRADA AGREGADA--NOMBRE PERSONAL | |
| Nombre de persona | Plutarco |
| 9 (RLIN) | 92678 |
| 700 1# - ENTRADA AGREGADA--NOMBRE PERSONAL | |
| Nombre de persona | Cicerón, Marco Tulio. |
| 9 (RLIN) | 38748 |
| 700 1# - ENTRADA AGREGADA--NOMBRE PERSONAL | |
| Nombre de persona | Séneca, Lucio Anneo. |
| 9 (RLIN) | 105451 |
| 700 1# - ENTRADA AGREGADA--NOMBRE PERSONAL | |
| Nombre de persona | Epicteto. |
| 9 (RLIN) | 47322 |
| 700 0# - ENTRADA AGREGADA--NOMBRE PERSONAL | |
| Nombre de persona | Marco Aurelio, |
| Títulos y otros términos asociados al nombre | Emperador de Roma. |
| 9 (RLIN) | 184417 |
| 830 0# - PUNTO DE ACCESO ADICIONAL DE SERIE-TÍTULO UNIFORME | |
| Título uniforme | Bibliothèque de la Pléiade ; |
| Designación de volumen o secuencia | 156 |
| 9 (RLIN) | 180233 |
| 852 ## - LOCALIZACIÓN | |
| Ubicación | ES-MaACL |
| Número de control de estantería | L-11084 |
| Estatus retirado | Estado de pérdida | Estado de daño | No para préstamo | Biblioteca de origen | Biblioteca actual | Ubicación en estantería | Fecha de adquisición | Fuente de adquisición | Total de préstamos | Signatura topográfica completa | Código de barras | Visto por última vez | Precio de reemplazo | Tipo de ítem Koha |
|---|---|---|---|---|---|---|---|---|---|---|---|---|---|---|
| Biblioteca del Ateneo de Madrid | Biblioteca del Ateneo de Madrid | Depósito 2 | 17/01/2008 | L-11084 | 1154648 | 23/02/2023 | 23/02/2023 | Libro impreso |
